Ζιζάνια : χρήσιμα στοιχεία για την βιολογία και καταπολέμηση τους

Αποθηκεύτηκε σε:
Λεπτομέρειες βιβλιογραφικής εγγραφής
Κύριος συγγραφέας: Τσαπικούνης, Φάνης Α.
Μορφή: Βιβλίο
Γλώσσα:Greek
Δημοσίευση: Αθήνα : Σταμούλης, 2002
Έκδοση:2η έκδ.
Θέματα:
Ετικέτες: Προσθήκη ετικέτας
Δεν υπάρχουν, Καταχωρήστε ετικέτα πρώτοι!

MARC

LEADER 00000nam a2200000 i 4500
001 1/72149
008 080123s2002 gre d
020 |a 960-351-020-3 
035 |l 10094073 
040 |a GR-MY-UA  |b gre  |e aacr 
041 0 |a gre 
082 0 |a 632.96  |2 (22) 
100 1 |a Τσαπικούνης, Φάνης Α. 
245 1 0 |a Ζιζάνια :  |b χρήσιμα στοιχεία για την βιολογία και καταπολέμηση τους /  |c Φάνης Α. Τσαπικούνης 
250 |a 2η έκδ. 
260 |a Αθήνα :   |b Σταμούλης,   |c 2002 
300 |a 345 σ.;  |b έγχρ. εικ., πίν.;  |c 24 εκ. 
504 |a Βιβλιογραφία: σ. 339-345 
650 0 0 |a Plant diseases. 
650 0 0 |a Plants, Protection of. 
650 0 0 |a Insect pests  |x Biological control. 
650 0 0 |a Agricultural pests  |x Biological control. 
852 |a INST  |b LESVOS  |e 20080123  |h 632.96 ΤΣΑ  |p 005100040479  |q 005100040479  |t BK  |y 0 
901 |a BIBL1-2008-1 
909 |a Λ  |b 142008 
922 |a 1ΕΛΗ  |b 200711  |c ΕΠΕΑΕΚ2/ΤΠ  |d Σ. ΠΑΤΑΚΗΣ 
970 |a ΓΙΑΛΑΜΑ  |b ΜΑΡΙΑ  |z 2008/01/23